000 00516nam a22001937a 4500
005 20251108170508.0
008 250721s2000 xx 000 0 ara d
082 1 4 _a005.12/أسع
100 1 _aأسعد، حسام
245 1 0 _aلغة جافا سكريبت /
246 1 1 _ajava script
264 1 _aدمشق :
_bدار الرضا،
_c2000.
300 _a364ص.
650 1 7 _aالحواسيب
650 1 7 _aبرامج الحاسوب
700 1 _aخيربك، عمار
942 _2ddc
_cBK
999 _c41879
_d41879